[Event "18. Obert Pobla de Lillet 2008"]
[Site "La Pobla de Lillet ESP"]
[Date "2008.08.02"]
[Round "1.1"]
[White "Mirzoev, Azer"]
[Black "Corrigueelas Armillas, Frederic"]
[Result "1-0"]
[WhiteElo "2565"]
[BlackElo "2021"]
[PlyCount "65"]
[EventDate "2008.08.02"]
[EventType "swiss"]
[EventRounds "9"]
[EventCountry "ESP"]
[SourceTitle "Ajedrez en Madrid"]
[Source "lmi"]
[SourceDate "2008.08.02"]
[SourceVersion "1"]
[SourceVersionDate "2020.06.30"]
[SourceQuality "1"]

1. c4 e5 2. Nc3 Nf6 3. Nf3 Nc6 4. g3 d5 5. cxd5 Nxd5 6. Bg2 Nb6 7. O-O Be7 8.
Rb1 O-O 9. b4 f6 10. a3 Be6 11. d3 Qd7 12. Ne4 Rab8 13. Bb2 Rfd8 14. Rc1 Kh8
15. Re1 Bh3 16. Bh1 Re8 17. Qc2 Rbc8 18. Ba1 a5 19. Nc5 Bxc5 20. Qxc5 axb4 21.
axb4 Qd6 22. Nd2 Nd7 23. Qxd6 cxd6 24. Nc4 Nxb4 25. Nxd6 Rxc1 26. Rxc1 Rb8 27.
Bxb7 Nb6 28. Rb1 Nc2 29. Bxe5 fxe5 30. Rxb6 Rf8 31. f3 Be6 32. Kf2 Nd4 33. Nb5
1-0

[Event "18. Obert Pobla de Lillet 2008"]
[Site "La Pobla de Lillet ESP"]
[Date "2008.08.02"]
[Round "1.2"]
[White "Girona Masdeu, Joan"]
[Black "Movsziszian, Karen"]
[Result "0-1"]
[WhiteElo "1981"]
[BlackElo "2560"]
[PlyCount "50"]
[EventDate "2008.08.02"]
[EventType "swiss"]
[EventRounds "9"]
[EventCountry "ESP"]
[SourceTitle "Ajedrez en Madrid"]
[Source "lmi"]
[SourceDate "2008.08.02"]
[SourceVersion "1"]
[SourceVersionDate "2020.06.30"]
[SourceQuality "1"]

1. d4 Nf6 2. Nf3 g6 3. c4 Bg7 4. Nc3 O-O 5. e4 d6 6. Be2 Nbd7 7. O-O e5 8. d5
Nc5 9. Bg5 a5 10. Ne1 h6 11. Bxf6 Qxf6 12. Bg4 Nd7 13. Nd3 Qe7 14. Bxd7 Bxd7
15. Rc1 h5 16. Ne2 Bh6 17. Rc3 b6 18. b3 h4 19. a3 h3 20. g3 f5 21. exf5 Bxf5
22. Re1 Bg4 23. Ndc1 Qf6 24. Rf1 Bxc1 25. Rxc1 Qf3 0-1

[Event "18. Obert Pobla de Lillet 2008"]
[Site "La Pobla de Lillet ESP"]
[Date "2008.08.02"]
[Round "1.3"]
[White "Reinaldo Castiñeira, Roi"]
[Black "Duran Burniol, Joan"]
[Result "1-0"]
[WhiteElo "2504"]
[BlackElo "1974"]
[PlyCount "71"]
[EventDate "2008.08.02"]
[EventType "swiss"]
[EventRounds "9"]
[EventCountry "ESP"]
[SourceTitle "Ajedrez en Madrid"]
[Source "lmi"]
[SourceDate "2008.08.02"]
[SourceVersion "1"]
[SourceVersionDate "2020.06.30"]
[SourceQuality "1"]

1. Nf3 e6 2. g3 f5 3. Bg2 Nf6 4. O-O d5 5. d3 Bd6 6. Nc3 O-O 7. e4 dxe4 8. dxe4
Bb4 9. exf5 exf5 10. Qe2 Qe7 11. Be3 c6 12. a3 Bd6 13. Rad1 Be6 14. Ng5 Nbd7
15. Rxd6 Qxd6 16. Bf4 Qe7 17. Qxe6+ Qxe6 18. Nxe6 Rf7 19. Rd1 Re7 20. Nc7 Rc8
21. Bd6 Rf7 22. Ne6 Nb6 23. b3 Re8 24. Nc5 Rd8 25. a4 Nfd5 26. Nxd5 Nxd5 27.
Bxd5 cxd5 28. Be5 b6 29. Nd3 Re7 30. f4 g6 31. Nb4 Red7 32. c3 Kf7 33. Bd4 Re8
34. Kf2 Rde7 35. Be5 Rd7 36. Nxd5 1-0

[Event "18. Obert Pobla de Lillet 2008"]
[Site "La Pobla de Lillet ESP"]
[Date "2008.08.02"]
[Round "1.4"]
[White "Marca Esturnell, Josep Maria"]
[Black "Matnadze, Ana"]
[Result "0-1"]
[WhiteElo "1949"]
[BlackElo "2411"]
[PlyCount "88"]
[EventDate "2008.08.02"]
[EventType "swiss"]
[EventRounds "9"]
[EventCountry "ESP"]
[SourceTitle "Ajedrez en Madrid"]
[Source "lmi"]
[SourceDate "2008.08.02"]
[SourceVersion "1"]
[SourceVersionDate "2020.06.30"]
[SourceQuality "1"]

1. d4 Nf6 2. Nf3 e6 3. g3 b6 4. Bg2 Bb7 5. O-O Be7 6. c4 O-O 7. Nc3 Ne4 8. Nd2
Nxc3 9. bxc3 Bxg2 10. Kxg2 f5 11. f4 c5 12. e4 fxe4 13. Nxe4 d5 14. Ng5 dxc4
15. dxc5 Bxg5 16. fxg5 Nd7 17. Rxf8+ Nxf8 18. Be3 bxc5 19. Bxc5 Qxg5 20. Bxf8
Rxf8 21. Qd4 Qb5 22. Rd1 Qa4 23. Rd2 Qc6+ 24. Kg1 Qf3 25. Rf2 Qxf2+ 26. Qxf2
Rxf2 27. Kxf2 Kf7 28. Ke3 e5 29. Kf3 h5 30. h3 Kf6 31. Ke4 Ke6 32. g4 hxg4 33.
hxg4 g6 34. Kf3 Kf6 35. Ke4 Kg5 36. Kxe5 Kxg4 37. Kd4 Kf3 38. Kxc4 g5 39. Kd5
g4 40. c4 g3 41. c5 g2 42. c6 g1=Q 43. Kd6 Qh2+ 44. Kd7 Qxa2 0-1

[Event "18. Obert Pobla de Lillet 2008"]
[Site "La Pobla de Lillet ESP"]
[Date "2008.08.02"]
[Round "1.6"]
[White "Ayza Casamitjana, Antoni"]
[Black "Oms Fuentes, Lluis"]
[Result "0-1"]
[WhiteElo "1930"]
[BlackElo "2338"]
[PlyCount "78"]
[EventDate "2008.08.02"]
[EventType "swiss"]
[EventRounds "9"]
[EventCountry "ESP"]
[SourceTitle "Ajedrez en Madrid"]
[Source "lmi"]
[SourceDate "2008.08.02"]
[SourceVersion "1"]
[SourceVersionDate "2020.06.30"]
[SourceQuality "1"]

1. e4 c5 2. Nf3 d6 3. d4 cxd4 4. Nxd4 Nf6 5. Nc3 a6 6. Bg5 e6 7. Qd2 Nbd7 8.
Nf3 Qc7 9. Bd3 b5 10. O-O Bb7 11. Rfe1 Be7 12. a3 h6 13. Bh4 O-O 14. Bg3 Ne5
15. Nxe5 dxe5 16. Qe2 Nd7 17. Qh5 Bd6 18. Rad1 Nf6 19. Qf3 b4 20. Nb1 a5 21.
Bh4 Nd7 22. g4 Nc5 23. g5 hxg5 24. Bxg5 f5 25. Qh3 Rae8 26. Nd2 Qf7 27. Bh4 Qh5
28. Be2 Qh6 29. Qg3 Bc7 30. Bb5 Rb8 31. Bd3 Rf7 32. Qg5 Qh7 33. exf5 Nxd3 34.
cxd3 Bd8 35. fxe6 Rf5 36. e7 Rxg5+ 37. Bxg5 Bb6 38. Nc4 Qh5 39. h4 Qg4+ 0-1

[Event "18. Obert Pobla de Lillet 2008"]
[Site "La Pobla de Lillet ESP"]
[Date "2008.08.02"]
[Round "1.7"]
[White "Guramishvili, Sopiko"]
[Black "Cerdans Costa, Ferran"]
[Result "1-0"]
[WhiteElo "2302"]
[BlackElo "1906"]
[PlyCount "79"]
[EventDate "2008.08.02"]
[EventType "swiss"]
[EventRounds "9"]
[EventCountry "ESP"]
[SourceTitle "Ajedrez en Madrid"]
[Source "lmi"]
[SourceDate "2008.08.02"]
[SourceVersion "1"]
[SourceVersionDate "2020.06.30"]
[SourceQuality "1"]

1. d4 d5 2. c4 c6 3. Nf3 Nf6 4. Nc3 e6 5. Bg5 Nbd7 6. cxd5 exd5 7. e3 Be7 8.
Qc2 h6 9. Bf4 b6 10. Bd3 Bb7 11. h3 Rc8 12. Bf5 Ra8 13. Ne5 O-O 14. g4 c5 15.
O-O-O cxd4 16. exd4 Nxe5 17. dxe5 Ne8 18. Kb1 Bg5 19. Bg3 g6 20. Be4 Nc7 21. h4
Be7 22. g5 Qd7 23. gxh6 Qe6 24. Bg2 Rac8 25. Bh3 Qc6 26. Bxc8 Bxc8 27. Qd2 Bf5+
28. Ka1 Rd8 29. Ne2 Be4 30. Nd4 Qd7 31. f3 Bf5 32. Rc1 Nb5 33. Nc6 Re8 34.
Nxe7+ Qxe7 35. Qxd5 a6 36. h7+ Kh8 37. h5 Rd8 38. hxg6 Bxg6 39. Qc4 Nd4 40. Bh4
1-0

[Event "18. Obert Pobla de Lillet 2008"]
[Site "La Pobla de Lillet ESP"]
[Date "2008.08.02"]
[Round "1.8"]
[White "Blanch Plana, Angel"]
[Black "Ayza Ballester, Jordi"]
[Result "0-1"]
[WhiteElo "1896"]
[BlackElo "2277"]
[PlyCount "81"]
[EventDate "2008.08.02"]
[EventType "swiss"]
[EventRounds "9"]
[EventCountry "ESP"]
[SourceTitle "Ajedrez en Madrid"]
[Source "lmi"]
[SourceDate "2008.08.02"]
[SourceVersion "1"]
[SourceVersionDate "2020.06.30"]
[SourceQuality "1"]

1. e4 c5 2. Nc3 Nc6 3. Nf3 g6 4. Bb5 Bg7 5. O-O Nh6 6. Re1 O-O 7. Bc4 d6 8. h3
Kh8 9. a3 Rb8 10. d3 e6 11. Be3 Nd4 12. Nh2 b5 13. Ba2 f5 14. f4 b4 15. axb4
cxb4 16. Ne2 Nxe2+ 17. Rxe2 Bxb2 18. Nf3 Bg7 19. Bb3 a6 20. Ng5 e5 21. g3 a5
22. Rh2 Bd7 23. Qc1 a4 24. Rxa4 Bxa4 25. Bxa4 Ra8 26. Ne6 Qf6 27. Bb3 Nf7 28.
Qb2 Rfe8 29. Nxg7 Qxg7 30. Bd5 Rab8 31. Kf2 Nd8 32. Rh1 Ne6 33. Bxe6 Rxe6 34.
Ra1 Re7 35. Ra6 Rd7 36. fxe5 dxe5 37. c3 fxe4 38. dxe4 Rf8+ 39. Kg2 Qf7 40. Qe2
bxc3 41. Ra3 0-1

[Event "18. Obert Pobla de Lillet 2008"]
[Site "La Pobla de Lillet ESP"]
[Date "2008.08.02"]
[Round "1.9"]
[White "Capellades Subirana, Marc"]
[Black "Garcia Castellote, Oscar"]
[Result "1-0"]
[WhiteElo "2265"]
[BlackElo "1886"]
[PlyCount "85"]
[EventDate "2008.08.02"]
[EventType "swiss"]
[EventRounds "9"]
[EventCountry "ESP"]
[SourceTitle "Ajedrez en Madrid"]
[Source "lmi"]
[SourceDate "2008.08.02"]
[SourceVersion "1"]
[SourceVersionDate "2020.06.30"]
[SourceQuality "1"]

1. e4 g6 2. d4 Bg7 3. Be3 c5 4. c3 cxd4 5. Bxd4 Nf6 6. e5 Ng8 7. e6 Nf6 8.
exf7+ Kxf7 9. Nf3 Re8 10. Bc4+ e6 11. O-O Nc6 12. Ne5+ Kg8 13. Nxc6 bxc6 14.
Be5 d5 15. Bd3 Nd7 16. Bxg7 Kxg7 17. Nd2 e5 18. Nb3 c5 19. Bb5 d4 20. Nxc5 Rb8
21. Bxd7 Bxd7 22. Nxd7 Qxd7 23. cxd4 Rxb2 24. dxe5 Rd2 25. Qe1 Qd4 26. Rd1 Rxd1
27. Qxd1 Qxd1 28. Rxd1 Rxe5 29. g3 Ra5 30. Rd2 Kf6 31. Kg2 h5 32. h4 Kf5 33.
Kf3 Ra3+ 34. Kg2 Ra5 35. Rc2 Kg4 36. a4 Kf5 37. Rc4 Kf6 38. Kf3 Kf5 39. Ke3 Rd5
40. Rd4 Re5+ 41. Kd3 Re1 42. Rf4+ Ke5 43. Rf7 1-0

[Event "18. Obert Pobla de Lillet 2008"]
[Site "La Pobla de Lillet ESP"]
[Date "2008.08.02"]
[Round "1.10"]
[White "Moya Arau, Carles"]
[Black "Tarrago Antoni, Maurici"]
[Result "0-1"]
[WhiteElo "1886"]
[BlackElo "2219"]
[PlyCount "76"]
[EventDate "2008.08.02"]
[EventType "swiss"]
[EventRounds "9"]
[EventCountry "ESP"]
[SourceTitle "Ajedrez en Madrid"]
[Source "lmi"]
[SourceDate "2008.08.02"]
[SourceVersion "1"]
[SourceVersionDate "2020.06.30"]
[SourceQuality "1"]

1. e4 c5 2. Nc3 Nc6 3. f4 g6 4. Nf3 Bg7 5. Bc4 e6 6. O-O Nge7 7. d3 O-O 8. Qe1
a6 9. a4 Rb8 10. f5 d5 11. Bb3 d4 12. Ne2 exf5 13. Qh4 h5 14. Bf4 Ra8 15. Bg5
Be6 16. exf5 Bxf5 17. Nf4 Qd6 18. Rae1 Rae8 19. Nd2 b5 20. axb5 axb5 21. Bxe7
Nxe7 22. h3 Bh6 23. Qg3 Bxf4 24. Rxf4 Nd5 25. Rxe8 Qxf4 26. Qxf4 Nxf4 27. Re5
Rc8 28. Ne4 c4 29. dxc4 bxc4 30. Nd6 cxb3 31. Nxc8 bxc2 32. Rc5 c1=Q+ 33. Rxc1
Ne2+ 34. Kf2 Nxc1 35. Ne7+ Kg7 36. Nxf5+ gxf5 37. Kf3 Nb3 38. g3 d3 0-1

[Event "18. Obert Pobla de Lillet 2008"]
[Site "La Pobla de Lillet ESP"]
[Date "2008.08.02"]
[Round "1.21"]
[White "Segarra Calderer, Albert"]
[Black "Montero Montero, Juan J"]
[Result "1/2-1/2"]
[WhiteElo "2080"]
[BlackElo "1705"]
[PlyCount "128"]
[EventDate "2008.08.02"]
[EventType "swiss"]
[EventRounds "9"]
[EventCountry "ESP"]
[SourceTitle "Ajedrez en Madrid"]
[Source "lmi"]
[SourceDate "2008.08.02"]
[SourceVersion "1"]
[SourceVersionDate "2020.06.30"]
[SourceQuality "1"]

1. d4 Nf6 2. e3 e6 3. Bd3 d5 4. f4 c5 5. c3 Nc6 6. Nf3 cxd4 7. exd4 Bd6 8. O-O
O-O 9. Qe1 a6 10. Ne5 Bxe5 11. fxe5 Nd7 12. Qg3 f5 13. exf6 Rxf6 14. Rxf6 Nxf6
15. Bg5 Bd7 16. Nd2 Qe7 17. Rf1 Rf8 18. Nf3 Kh8 19. Ne5 Qe8 20. Qh4 Nxe5 21.
dxe5 Ne4 22. Bxe4 Rxf1+ 23. Kxf1 dxe4 24. Be3 Bc6 25. Qf4 h6 26. g4 Kh7 27. g5
Bb5+ 28. Kf2 Qh5 29. gxh6 gxh6 30. Qxe4+ Kg8 31. Kg3 Bc6 32. Qg4+ Qxg4+ 33.
Kxg4 Kg7 34. a3 Kg6 35. b4 Kg7 36. Bc5 Kf7 37. Bb6 Kg7 38. Bd8 Kg6 39. h4 Ba4
40. Kf4 Bc6 41. Ke3 Kf5 42. Kd4 Kg6 43. c4 Kf7 44. Kc5 Ke8 45. Bf6 Kd7 46. Kb6
Kc8 47. b5 axb5 48. cxb5 Bf3 49. a4 Kb8 50. a5 Bd5 51. a6 bxa6 52. Kxa6 Bf3 53.
Kb6 Bd5 54. Be7 h5 55. Bf8 Bf3 56. Kc5 Bd5 57. Bh6 Kb7 58. b6 Bc6 59. Be3 Bd5
60. Kd6 Bb3 61. Ke7 Bd5 62. Kf7 Bc4 63. Kg6 Be2 64. Kf6 Bc4 1/2-1/2

[Event "18. Obert Pobla de Lillet 2008"]
[Site "La Pobla de Lillet ESP"]
[Date "2008.08.03"]
[Round "2.1"]
[White "Companyo Pagerols, Josep M"]
[Black "Mirzoev, Azer"]
[Result "0-1"]
[WhiteElo "2090"]
[BlackElo "2565"]
[PlyCount "52"]
[EventDate "2008.08.02"]
[EventType "swiss"]
[EventRounds "9"]
[EventCountry "ESP"]
[SourceTitle "Ajedrez en Madrid"]
[Source "lmi"]
[SourceDate "2008.08.02"]
[SourceVersion "1"]
[SourceVersionDate "2020.06.30"]
[SourceQuality "1"]

1. f4 d5 2. b3 Bf5 3. e3 e6 4. Bb2 Nf6 5. Nf3 Be7 6. Be2 O-O 7. O-O h6 8. Ne5
Bh7 9. Bd3 Bxd3 10. Nxd3 c5 11. Ne5 Nbd7 12. d3 Qc7 13. Nd2 Rad8 14. Qe1 d4 15.
Nxd7 Rxd7 16. e4 Ng4 17. Rf3 f5 18. Qg3 g5 19. Nf1 gxf4 20. Rxf4 Bd6 21. Rxg4+
fxg4 22. Qxg4+ Rg7 23. Qxe6+ Qf7 24. Qxf7+ Rgxf7 25. Nd2 Rf2 26. Nf3 Rxc2 0-1

[Event "18. Obert Pobla de Lillet 2008"]
[Site "La Pobla de Lillet ESP"]
[Date "2008.08.03"]
[Round "2.2"]
[White "Movsziszian, Karen"]
[Black "Prats Rodriguez, Juan Bosco"]
[Result "1-0"]
[WhiteElo "2560"]
[BlackElo "2101"]
[PlyCount "67"]
[EventDate "2008.08.02"]
[EventType "swiss"]
[EventRounds "9"]
[EventCountry "ESP"]
[SourceTitle "Ajedrez en Madrid"]
[Source "lmi"]
[SourceDate "2008.08.02"]
[SourceVersion "1"]
[SourceVersionDate "2020.06.30"]
[SourceQuality "1"]

1. e4 c5 2. b3 Nc6 3. Bb2 e5 4. Bb5 Nge7 5. Ne2 a6 6. Bxc6 Nxc6 7. O-O d5 8.
exd5 Qxd5 9. Nbc3 Qd8 10. f4 Be7 11. fxe5 Nxe5 12. Ne4 f6 13. Bxe5 fxe5 14.
N2c3 g6 15. Kh1 Be6 16. Qf3 Rf8 17. Qg3 Rxf1+ 18. Rxf1 Qc7 19. Nf6+ Bxf6 20.
Rxf6 Bg8 21. Qg4 Rd8 22. Ne4 Rd4 23. d3 Rd8 24. Rf1 Ke7 25. h3 b6 26. Nf6 Be6
27. Qh4 Kd6 28. Ne4+ Kc6 29. Rf6 Re8 30. Ng5 Qd7 31. Qa4+ Kc7 32. Qxa6 h6 33.
Ne4 Qd4 34. Qa7+ 1-0

[Event "18. Obert Pobla de Lillet 2008"]
[Site "La Pobla de Lillet ESP"]
[Date "2008.08.03"]
[Round "2.3"]
[White "Basas Gamazo, Josep"]
[Black "Reinaldo Castiñeira, Roi"]
[Result "0-1"]
[WhiteElo "2072"]
[BlackElo "2504"]
[PlyCount "38"]
[EventDate "2008.08.02"]
[EventType "swiss"]
[EventRounds "9"]
[EventCountry "ESP"]
[SourceTitle "Ajedrez en Madrid"]
[Source "lmi"]
[SourceDate "2008.08.02"]
[SourceVersion "1"]
[SourceVersionDate "2020.06.30"]
[SourceQuality "1"]

1. e4 c5 2. Nf3 e6 3. d4 cxd4 4. Nxd4 a6 5. Bd3 Nf6 6. Nc3 d6 7. O-O Be7 8. Qe2
b5 9. a3 Bb7 10. Be3 O-O 11. f4 Nbd7 12. Kh1 Re8 13. Rae1 Bf8 14. Bg1 e5 15.
fxe5 Nxe5 16. Qf2 Nfg4 17. Qf4 g6 18. h3 Qh4 19. Nf3 Nf2+ 0-1

[Event "18. Obert Pobla de Lillet 2008"]
[Site "La Pobla de Lillet ESP"]
[Date "2008.08.03"]
[Round "2.4"]
[White "Matnadze, Ana"]
[Black "Canal Sala, Llorenc"]
[Result "1-0"]
[WhiteElo "2411"]
[BlackElo "2071"]
[PlyCount "39"]
[EventDate "2008.08.02"]
[EventType "swiss"]
[EventRounds "9"]
[EventCountry "ESP"]
[SourceTitle "Ajedrez en Madrid"]
[Source "lmi"]
[SourceDate "2008.08.02"]
[SourceVersion "1"]
[SourceVersionDate "2020.06.30"]
[SourceQuality "1"]

1. d4 d5 2. Nf3 Nf6 3. g3 Bf5 4. Bg2 e6 5. O-O h6 6. c4 c6 7. Nc3 Nbd7 8. Qb3
Qb6 9. c5 Qxb3 10. axb3 Be7 11. b4 b5 12. Bf4 O-O 13. Ra6 g5 14. Be5 Rfc8 15.
Rfa1 Ng4 16. Rxa7 Rxa7 17. Rxa7 Ngxe5 18. dxe5 Bxc5 19. bxc5 Nxc5 20. b4 1-0

[Event "18. Obert Pobla de Lillet 2008"]
[Site "La Pobla de Lillet ESP"]
[Date "2008.08.03"]
[Round "2.5"]
[White "Lorca Cortada, David"]
[Black "Granados Gomez, Manuel"]
[Result "1/2-1/2"]
[WhiteElo "2068"]
[BlackElo "2407"]
[PlyCount "82"]
[EventDate "2008.08.02"]
[EventType "swiss"]
[EventRounds "9"]
[EventCountry "ESP"]
[SourceTitle "Ajedrez en Madrid"]
[Source "lmi"]
[SourceDate "2008.08.02"]
[SourceVersion "1"]
[SourceVersionDate "2020.06.30"]
[SourceQuality "1"]

1. e4 c5 2. Nf3 a6 3. c4 e6 4. Nc3 Qc7 5. Be2 Nf6 6. O-O b6 7. d4 cxd4 8. Nxd4
Bb7 9. Bd3 d6 10. Be3 Nbd7 11. Rc1 Rc8 12. b3 Be7 13. f4 Nc5 14. Qc2 Qb8 15. h3
Nxd3 16. Qxd3 Qa8 17. e5 Ne4 18. Na4 Nc5 19. Nxc5 dxc5 20. Nf3 O-O 21. Qe2 Rfd8
22. g4 Be4 23. Qf2 Rd3 24. Ne1 Rd7 25. f5 Bf8 26. Qh4 exf5 27. gxf5 Re8 28. Qg3
g6 29. Rc3 Rde7 30. fxg6 hxg6 31. Bf4 Bg7 32. Nf3 Bxf3 33. Rcxf3 Qb7 34. Qf2
Rd7 35. Qg3 Re6 36. h4 Rd4 37. h5 gxh5 38. Kh2 Rg6 39. Qh3 Rxf4 40. Rxf4 Bxe5
41. R1f2 Rg4 1/2-1/2

[Event "18. Obert Pobla de Lillet 2008"]
[Site "La Pobla de Lillet ESP"]
[Date "2008.08.03"]
[Round "2.6"]
[White "Oms Fuentes, Lluis"]
[Black "Delgado Pico, Lluis"]
[Result "1-0"]
[WhiteElo "2338"]
[BlackElo "2066"]
[PlyCount "45"]
[EventDate "2008.08.02"]
[EventType "swiss"]
[EventRounds "9"]
[EventCountry "ESP"]
[SourceTitle "Ajedrez en Madrid"]
[Source "lmi"]
[SourceDate "2008.08.02"]
[SourceVersion "1"]
[SourceVersionDate "2020.06.30"]
[SourceQuality "1"]

1. e4 g6 2. d4 Bg7 3. Nc3 d6 4. h3 Nf6 5. Be3 c6 6. f4 Qa5 7. Bd3 e5 8. Qf3 O-O
9. Nge2 exd4 10. Nxd4 Nbd7 11. O-O Re8 12. Nb3 Qc7 13. a4 b6 14. a5 Rb8 15.
axb6 axb6 16. Qg3 Nc5 17. Nxc5 bxc5 18. f5 c4 19. Bxc4 Nxe4 20. Nxe4 Rxe4 21.
fxg6 Rxc4 22. gxf7+ Kh8 23. Qxg7+ 1-0

[Event "18. Obert Pobla de Lillet 2008"]
[Site "La Pobla de Lillet ESP"]
[Date "2008.08.03"]
[Round "2.7"]
[White "Subirachs Mancebo, Guillem"]
[Black "Guramishvili, Sopiko"]
[Result "0-1"]
[WhiteElo "2063"]
[BlackElo "2302"]
[PlyCount "70"]
[EventDate "2008.08.02"]
[EventType "swiss"]
[EventRounds "9"]
[EventCountry "ESP"]
[SourceTitle "Ajedrez en Madrid"]
[Source "lmi"]
[SourceDate "2008.08.02"]
[SourceVersion "1"]
[SourceVersionDate "2020.06.30"]
[SourceQuality "1"]

1. e4 c5 2. Nc3 a6 3. g3 b5 4. Bg2 Bb7 5. d3 e6 6. Nh3 Nf6 7. O-O b4 8. Ne2 d5
9. e5 Nfd7 10. f4 Be7 11. f5 Nxe5 12. fxe6 fxe6 13. Nef4 Qd6 14. Nh5 Rg8 15.
Bf4 Nbd7 16. Nxg7+ Rxg7 17. Qh5+ Kd8 18. Rae1 Bf6 19. Ng5 Qe7 20. h4 Bxg5 21.
Bxg5 Rxg5 22. hxg5 Kc7 23. c3 bxc3 24. bxc3 Rg8 25. Rf6 Nxf6 26. gxf6 Qxf6 27.
Rxe5 Rxg3 28. Qxh7+ Qg7 29. Qxg7+ Rxg7 30. Kf2 Kd6 31. Rh5 Bc6 32. Bh3 Rb7 33.
Ke3 Rb2 34. Rh6 Bd7 35. a4 Ra2 0-1

[Event "18. Obert Pobla de Lillet 2008"]
[Site "La Pobla de Lillet ESP"]
[Date "2008.08.03"]
[Round "2.8"]
[White "Ayza Ballester, Jordi"]
[Black "Nogue Fajula, Joan"]
[Result "1-0"]
[WhiteElo "2277"]
[BlackElo "2053"]
[PlyCount "88"]
[EventDate "2008.08.02"]
[EventType "swiss"]
[EventRounds "9"]
[EventCountry "ESP"]
[SourceTitle "Ajedrez en Madrid"]
[Source "lmi"]
[SourceDate "2008.08.02"]
[SourceVersion "1"]
[SourceVersionDate "2020.06.30"]
[SourceQuality "1"]

1. e4 d5 2. Nc3 d4 3. Nce2 g6 4. Nf3 Bg7 5. d3 Bg4 6. Ng3 Bxf3 7. Qxf3 c6 8.
Qd1 e5 9. Be2 Ne7 10. f4 exf4 11. Bxf4 Qa5+ 12. Bd2 Qc7 13. O-O O-O 14. Qc1 Nd7
15. Bh6 Qe5 16. b4 f5 17. Bf4 Qe6 18. exf5 Nxf5 19. Nxf5 gxf5 20. Bf3 Ne5 21.
h3 Rf6 22. Qd2 Nxf3+ 23. Rxf3 Re8 24. Rf2 Qd5 25. a3 Rfe6 26. Raf1 Rf6 27. Bg5
Rf7 28. Bh6 Bxh6 29. Qxh6 Re6 30. Qh5 Rg6 31. Re1 Kg7 32. Qh4 h6 33. Re7 Rg5
34. Rxf7+ Kxf7 35. Qxh6 Rg6 36. Qh7+ Kf6 37. Re2 Rg7 38. Qh6+ Rg6 39. Qh4+ Rg5
40. Qf4 a6 41. Qb8 Rg7 42. Qf8+ Kg6 43. Qe8+ Kf6 44. Rf2 Rf7 1-0

[Event "18. Obert Pobla de Lillet 2008"]
[Site "La Pobla de Lillet ESP"]
[Date "2008.08.03"]
[Round "2.9"]
[White "Diaz Lopez, Pedro"]
[Black "Capellades Subirana, Marc"]
[Result "0-1"]
[WhiteElo "2040"]
[BlackElo "2265"]
[PlyCount "60"]
[EventDate "2008.08.02"]
[EventType "swiss"]
[EventRounds "9"]
[EventCountry "ESP"]
[SourceTitle "Ajedrez en Madrid"]
[Source "lmi"]
[SourceDate "2008.08.02"]
[SourceVersion "1"]
[SourceVersionDate "2020.06.30"]
[SourceQuality "1"]

1. c4 Nf6 2. Nc3 d5 3. d4 e6 4. Bg5 Be7 5. e3 h6 6. Bf4 c6 7. a3 b6 8. Bd3 dxc4
9. Bxc4 O-O 10. Nf3 Ba6 11. Qe2 Bb7 12. Ne5 Nbd7 13. Rd1 Nd5 14. Bg3 Nxc3 15.
bxc3 Bxa3 16. Nxf7 Kxf7 17. Qh5+ Kg8 18. Bxe6+ Kh8 19. O-O Nf6 20. Qe2 Ne4 21.
Be5 Qe7 22. Bb3 Bd6 23. f4 Bxe5 24. fxe5 Nxc3 25. Qd3 Nxd1 26. Rxd1 Bc8 27. Qg6
Qe8 28. Qd6 Bf5 29. h3 Rd8 30. Qb4 Qg6 0-1

[Event "18. Obert Pobla de Lillet 2008"]
[Site "La Pobla de Lillet ESP"]
[Date "2008.08.03"]
[Round "2.10"]
[White "Tarrago Antoni, Maurici"]
[Black "Guasch Murtra, Josep M|_"]
[Result "1-0"]
[WhiteElo "2219"]
[BlackElo "2038"]
[PlyCount "105"]
[EventDate "2008.08.02"]
[EventType "swiss"]
[EventRounds "9"]
[EventCountry "ESP"]
[SourceTitle "Ajedrez en Madrid"]
[Source "lmi"]
[SourceDate "2008.08.02"]
[SourceVersion "1"]
[SourceVersionDate "2020.06.30"]
[SourceQuality "1"]

1. Nf3 Nf6 2. c4 e6 3. g3 b6 4. Bg2 Bb7 5. O-O Be7 6. b3 O-O 7. Bb2 d6 8. e3
Nbd7 9. Nc3 Ne4 10. Nxe4 Bxe4 11. d3 Bb7 12. Qe2 Qe8 13. e4 e5 14. d4 Bf6 15.
d5 a5 16. Ne1 Qe7 17. Nd3 Rae8 18. a3 Ba6 19. Qc2 Ra8 20. Bc3 g6 21. Bd2 Bg7
22. b4 axb4 23. axb4 f5 24. f3 f4 25. Ra2 fxg3 26. hxg3 Bb7 27. Rfa1 h5 28.
Rxa8 Rxa8 29. Rxa8+ Bxa8 30. Qa4 Qd8 31. Bh3 Nf8 32. Qa7 Kh7 33. Be3 h4 34. b5
hxg3 35. Kg2 g5 36. Bf5+ Kh6 37. Qa1 Bf6 38. Qh1+ Kg7 39. Qh5 Bb7 40. Kxg3 Bc8
41. Nf2 Bxf5 42. exf5 Qd7 43. Bxg5 Bxg5 44. Qxg5+ Kf7 45. Ne4 Nh7 46. Qg6+ Kf8
47. f6 Qf7 48. Qf5 Kg8 49. Kf2 Nf8 50. Ng5 Qg6 51. f7+ Kh8 52. Qxg6 Nxg6 53.
Ne6 1-0

[Event "18. Obert Pobla de Lillet 2008"]
[Site "La Pobla de Lillet ESP"]
[Date "2008.08.03"]
[Round "2.11"]
[White "Garcia Galeote, Lorenzo"]
[Black "Danelia, Mariam"]
[Result "0-1"]
[WhiteElo "2037"]
[BlackElo "2185"]
[PlyCount "32"]
[EventDate "2008.08.02"]
[EventType "swiss"]
[EventRounds "9"]
[EventCountry "ESP"]
[SourceTitle "Ajedrez en Madrid"]
[Source "lmi"]
[SourceDate "2008.08.02"]
[SourceVersion "1"]
[SourceVersionDate "2020.06.30"]
[SourceQuality "1"]

1. g3 Nf6 2. Bg2 g6 3. e4 e5 4. Ne2 Bg7 5. d4 exd4 6. Nxd4 d6 7. O-O O-O 8. h3
a6 9. Nc3 Bd7 10. Be3 Nc6 11. Qd2 Ne5 12. b3 c5 13. Nf3 Nxf3+ 14. Bxf3 Bxh3 15.
Rfe1 Nd7 16. Rad1 Qf6 0-1